Littérature - Histoire et Violence (3) - Statistiques

Statistiques générales
  • Ce quiz a été pris 49 fois
  • Le résultat moyen est 3 sur 9
Statistiques - réponses
Hint Réponse % Correct
Quel film de Spielberg lié à la Shoah ne montre qu'une seule image en couleur : la petite fille au manteau rouge ? La liste de Schindler
93%
Quel est le titre du film de Begnini où un homme fait croire à son fils que les camps sont un jeu ? La vie est belle
81%
En quelle année sort-il ? 1997
47%
Quelle philosophe est théoricienne de la banalité du mal ? Hannah Arendt
37%
Quelle est l'année de publication de Shoah de Claude Lanzmann ? 1985
30%
Personnage shakespearien déshumanisé, guidé par une folie destructrice et des pulsions thanatogènes. Macbeth
28%
Récit autobiographique d'un adolescent déporté à Auschwitz, écrit par Elie Wiesel La Nuit
5%
Qui est le réalisateur de la Zone d'Intérêt sorti en 2023 ? Glazer
2%
Récit de Christian Bobin qui veut nous apprendre à habiter le monde poétiquement dans la beauté de l'invisible. Le plâtrier siffleur
0%
Aucun quiz correspondant
Distribution des résultats
% des personnes avec chaque résultat
Percentile par nombre de réponses
Votre historique - résultats
Vous n’avez pas pris ce quiz